[Event "Roncana op-C 5th"]
[Site "Santa Eulalia de Roncana"]
[Date "2011.10.15"]
[Round "3"]
[White "Canabate Kasparek, Diego"]
[Black "Guerrero Baez, Indira"]
[Result "1-0"]
[WhiteElo "1700"]
[BlackElo "1700"]
[PlyCount "117"]
[EventDate "2011.10.01"]
[EventType "swiss"]
[EventRounds "8"]
[EventCountry "ESP"]
[SourceTitle "EXT 2013"]
[Source "ChessBase"]
[SourceDate "2012.11.22"]
[SourceVersion "1"]
[SourceVersionDate "2012.11.22"]
[SourceQuality "1"]

1. e4 e5 2. Nf3 Nc6 3. Nc3 Bb4 4. Bb5 Nf6 5. 0-0 d6 6. a3 Ba5 7. b4 Bb6 8. a4 a6 9. a5 Bd4 10. Ra3 0-0 11. Ne2 axb5 12. c3 Ba7 13. d4 exd4 14. cxd4 Bg4 15. Bg5 Bxf3 16. Rxf3 Nxb4 17. e5 Nh5 18. Bxd8 Rfxd8 19. exd6 Rxd6 20. Nc3 c6 21. Re1 h6 22. Qb3 Bxd4 23. Qxb4 Rd7 24. Qb2 Nf6 25. Qc2 Nh7 26. Rf4 f6 27. Rfe4 g5 28. Re8+ Kf7 29. Rxa8 Kg7 30. Re6 Nf8 31. Re4 Kf7 32. Ne2 c5 33. Ng3 b6 34. a6 Rd6 35. a7 Rd5 36. Nf5 b4 37. Nxh6+ Kg7 38. Qa4 Kxh6 39. Rb8 Kg7 40. a8N b5 41. Qd1 Re5 42. Nb6 Rf5 43. Qg4 Kg6 44. Rxf8 Bxf2+ 45. Kh1 Rd5 46. h3 Rd1+ 47. Kh2 f5 48. Qxd1 f4 49. Re6+ Kg7 50. Rxf4 gxf4 51. Nd5 b3 52. Nxf4 Kf7 53. Qxb3 c4 54. Qxb5 c3 55. Qb1 Be3 56. Qf5+ Kg7 57. Rf6 c2 58. Qg5+ Kh7 59. Rh6# 1-0